| 000 | 00804nam a22002417a 4500 | ||
|---|---|---|---|
| 003 | UA-OsUOA | ||
| 001 | 46037 | ||
| 007 | ta | ||
| 008 | 20070529b un ||||| |||| 00| 0 ukr d | ||
| 100 | _aБалаклицький М.А. | ||
| 090 |
_a82-4:070 _bБ20 |
||
| 942 | _cBK | ||
| 040 |
_aUA-OsUOA _bukr _cUA-OsUOA _dUA-OsUOA |
||
| 245 |
_aЕсе як художньо-публіцистичний жанр _bМетодичні матеріали для студентів зі спеціальності "Журналістика" |
||
| 300 | _a74 с. | ||
| 955 | _a2 | ||
| 041 | _aukr | ||
| 080 | _a82-4:070 | ||
| 020 | _a966-444-0361 | ||
| 260 |
_aХ. _bХНУ ім. В.Н. Каразіна _c2007 |
||
| 650 | 7 |
_a82 Література. Літературознавство _2UDC |
|
| 999 |
_c332134 _d332134 |
||